skbl

Dr Suryya Kumar Bhuyan Library Web-OPAC
ডঃ সূৰ্য্য
কুমাৰ ভূঞা পুথিভঁৰাল ৱেব-অ'পেক

All Research Scholars are advised to clear the annual library fees to continue using Library Resources, Remote Access, Plagiarism Test and Library Clearance.

Cotton University Book Fair 2026

Biodiversity and Environmental Biotechnology / (Record no. 54122)

MARC details
000 -LEADER
fixed length control field 00726nam a2200265Ia 4500
001 - CONTROL NUMBER
control field 54159
005 - DATE AND TIME OF LATEST TRANSACTION
control field 20240114005412.0
007 - PHYSICAL DESCRIPTION FIXED FIELD--GENERAL INFORMATION
fixed length control field ta
008 - FIXED-LENGTH DATA ELEMENTS--GENERAL INFORMATION
fixed length control field 110524s2007 g b000 u 465 u
020 ## - INTERNATIONAL STANDARD BOOK NUMBER
International Standard Book Number 81-7233-467-2
040 ## - CATALOGING SOURCE
Original cataloging agency Cotton College,Assam
041 ## - LANGUAGE CODE
Language code of text/sound track or separate title 465
082 ## - DEWEY DECIMAL CLASSIFICATION NUMBER
Classification number 660.6
Item number Dw 969 Bi
100 ## - MAIN ENTRY--PERSONAL NAME
Personal name Dwivedi, Padmanabh .
245 #0 - TITLE STATEMENT
Title Biodiversity and Environmental Biotechnology /
Statement of responsibility, etc. Padmanabh Dwivedi.
Medium Textual Documents
250 ## - EDITION STATEMENT
Edition statement Ist ed. /
260 ## - PUBLICATION, DISTRIBUTION, ETC.
Place of publication, distribution, etc. Jodhpur :
Name of publisher, distributor, etc. Scientific Publishers(India) ,
Date of publication, distribution, etc. 2007.
300 ## - PHYSICAL DESCRIPTION
Extent 563pg ;
Dimensions 23cm.
653 ## - INDEX TERM--UNCONTROLLED
Uncontrolled term Biodiversity
653 ## - INDEX TERM--UNCONTROLLED
Uncontrolled term Biotechnology
653 ## - INDEX TERM--UNCONTROLLED
Uncontrolled term G- Biotechnology
942 ## - ADDED ENTRY ELEMENTS (KOHA)
Source of classification or shelving scheme Dewey Decimal Classification
Koha item type Books
Holdings
Withdrawn status Lost status Damaged status Not for loan Collection Home library Current library Date acquired Coded location qualifier Total checkouts Full call number Barcode Date last seen Copy number Price effective from Koha item type
          Dr. Suryya Kumar Bhuyan Library Dr. Suryya Kumar Bhuyan Library 01/02/2012 00000   660.6 Dw 969 Bi 92120 14/01/2024 1 01/02/2012 Books

Designed and Maintained by Team SKBL
©1901-2026

Powered by Koha